000 00278nam a2200121Ia 4500
008 190216s9999||||xx |||||||||||||| ||und||
100 _aCronin A J
245 4 _aThe Stars Look Down
260 _bB I Publication
_c1990
300 _a156
650 _aEnglish Novel
942 _cBK
999 _c13753
_d13753